000 00687nam a2200229 i 4500
001 C2-0255568
003 PPAK
005 20180727223219.0
008 040610s2003 xx a|||| ||||| | eng d
020 _a983224109X
040 _aPPAK
_beng
_cPPAK
_erda
082 0 4 _a915.9504
_223
090 0 0 _a915.9504
_bGUI
_dR
245 0 4 _aThe guide to Malaysia
_bwhere to go how to get there what to expect
264 1 _bLeisure Gude Publishing ,
_c2003
300 _a416 pages :
_bcolour illustrations ;
_c21 cm
336 _2rdacontent
_atext
337 _2rdamedia
_aunmediated
338 _2rdacarrier
_avolume
650 1 0 _aMalaysia - Description and travel - Guidebooks
942 _ddc
_cB
999 _c67924
_d67924